Epifanio Ramos de Castro (Record no. 22605)

MARC details
000 -LEADER
campo de control de longitud fija 00647nam a2200169 i 4500
001 - NÚMERO DE CONTROL
campo de control 22605
003 - IDENTIFICADOR DE NÚMERO DE CONTROL
campo de control ES-MaACL
005 - FECHA Y HORA DE LA ÚLTIMA TRANSACCIÓN
campo de control 20230906152726.0
007 - CAMPO FIJO DE DESCRIPCIÓN FÍSICA--INFORMACIÓN GENERAL
campo de control de longitud fija t|
008 - DATOS DE LONGITUD FIJA--INFORMACIÓN GENERAL
campo de control de longitud fija 021203s1963 sp ||||1| gao d
100 1# - ENTRADA PRINCIPAL--NOMBRE DE PERSONA
Nombre de persona Alonso Montero, Xesús.
9 (RLIN) 20364
245 10 - MENCIÓN DEL TÍTULO
Título Epifanio Ramos de Castro
Resto del título : Cen años de literatura galega : Catálogo da Exposición Bibliográfica celebrada no Círculo de las Artes de Lugo /
Mención de responsabilidad, etc. Xesús Alonso Montero.
260 ## - PUBLICACIÓN, DISTRIBUCIÓN, ETC.
Lugar de publicación, distribución, etc. Lugo :
Nombre del editor, distribuidor, etc. Círculo de las Artes. Sección de Publicaciones,
Fecha de publicación, distribución, etc. 1963.
300 ## - DESCRIPCIÓN FÍSICA
Extensión 118 p. :
Otras características físicas il. ;
Dimensiones 28 cm.
710 2# - ENTRADA AGREGADA--NOMBRE DE ENTIDAD CORPORATIVA
Nombre de entidad corporativa o nombre de jurisdicción como elemento de entrada Círculo de las Artes de Lugo.
9 (RLIN) 2829
852 ## - LOCALIZACIÓN
Ubicación ES-MaACL
Número de control de estantería C-27305
Sublocalización o colección R.55362
Holdings
Estatus retirado Estado de pérdida Estado de daño No para préstamo Biblioteca de origen Biblioteca actual Ubicación en estantería Fecha de adquisición Fuente de adquisición Total de préstamos Signatura topográfica completa Código de barras Visto por última vez Precio de reemplazo Tipo de ítem Koha
        Biblioteca del Ateneo de Madrid Biblioteca del Ateneo de Madrid Depósito 2 17/01/2008     C-27305 1023273 23/02/2023 23/02/2023 Libro impreso